|
|
|
|
| LEADER |
03072nam a22005295i 4500 |
| 001 |
978-0-8176-8271-2 |
| 003 |
DE-He213 |
| 005 |
20151204144414.0 |
| 007 |
cr nn 008mamaa |
| 008 |
111007s2012 xxu| s |||| 0|eng d |
| 020 |
|
|
|a 9780817682712
|9 978-0-8176-8271-2
|
| 024 |
7 |
|
|a 10.1007/978-0-8176-8271-2
|2 doi
|
| 040 |
|
|
|d GrThAP
|
| 050 |
|
4 |
|a QA613-613.8
|
| 050 |
|
4 |
|a QA613.6-613.66
|
| 072 |
|
7 |
|a PBMS
|2 bicssc
|
| 072 |
|
7 |
|a PBPH
|2 bicssc
|
| 072 |
|
7 |
|a MAT038000
|2 bisacsh
|
| 082 |
0 |
4 |
|a 514.34
|2 23
|
| 100 |
1 |
|
|a Torres del Castillo, Gerardo F.
|e author.
|
| 245 |
1 |
0 |
|a Differentiable Manifolds
|h [electronic resource] :
|b A Theoretical Physics Approach /
|c by Gerardo F. Torres del Castillo.
|
| 264 |
|
1 |
|a Boston :
|b Birkhäuser Boston,
|c 2012.
|
| 300 |
|
|
|a VIII, 275 p. 20 illus.
|b online resource.
|
| 336 |
|
|
|a text
|b txt
|2 rdacontent
|
| 337 |
|
|
|a computer
|b c
|2 rdamedia
|
| 338 |
|
|
|a online resource
|b cr
|2 rdacarrier
|
| 347 |
|
|
|a text file
|b PDF
|2 rda
|
| 505 |
0 |
|
|a Preface.-1 Manifolds.- 2 Lie Derivatives -- 3 Differential Forms -- 4 Integral Manifolds -- 5 Connections -- 6. Riemannian Manifolds -- 7 Lie Groups -- 8 Hamiltonian Classical Mechanics -- References.-Index.
|
| 520 |
|
|
|a This textbook gives a concise introduction to the theory of differentiable manifolds, focusing on their applications to differential equations, differential geometry, and Hamiltonian mechanics. The work’s first three chapters introduce the basic concepts of the theory, such as differentiable maps, tangent vectors, vector and tensor fields, differential forms, local one-parameter groups of diffeomorphisms, and Lie derivatives. These tools are subsequently employed in the study of differential equations (Chapter 4), connections (Chapter 5), Riemannian manifolds (Chapter 6), Lie groups (Chapter 7), and Hamiltonian mechanics (Chapter 8). Throughout, the book contains examples, worked out in detail, as well as exercises intended to show how the formalism is applied to actual computations and to emphasize the connections among various areas of mathematics. Differentiable Manifolds is addressed to advanced undergraduate or beginning graduate students in mathematics or physics. Prerequisites include multivariable calculus, linear algebra, differential equations, and (for the last chapter) a basic knowledge of analytical mechanics.
|
| 650 |
|
0 |
|a Mathematics.
|
| 650 |
|
0 |
|a Topological groups.
|
| 650 |
|
0 |
|a Lie groups.
|
| 650 |
|
0 |
|a Manifolds (Mathematics).
|
| 650 |
|
0 |
|a Complex manifolds.
|
| 650 |
|
0 |
|a Physics.
|
| 650 |
|
0 |
|a Mechanics.
|
| 650 |
1 |
4 |
|a Mathematics.
|
| 650 |
2 |
4 |
|a Manifolds and Cell Complexes (incl. Diff.Topology).
|
| 650 |
2 |
4 |
|a Mechanics.
|
| 650 |
2 |
4 |
|a Mathematical Methods in Physics.
|
| 650 |
2 |
4 |
|a Topological Groups, Lie Groups.
|
| 710 |
2 |
|
|a SpringerLink (Online service)
|
| 773 |
0 |
|
|t Springer eBooks
|
| 776 |
0 |
8 |
|i Printed edition:
|z 9780817682705
|
| 856 |
4 |
0 |
|u http://dx.doi.org/10.1007/978-0-8176-8271-2
|z Full Text via HEAL-Link
|
| 912 |
|
|
|a ZDB-2-SMA
|
| 950 |
|
|
|a Mathematics and Statistics (Springer-11649)
|